ბათუმის შოთა რუსთაველის სახელმწიფო უნივერსიტეტის ბიბლიოთეკა

ჩანაწერი Personal Name

ჩანაწერთა რაოდენობა, რომელიც გამოყენებულია: 4

001 - CONTROL NUMBER

  • control field: 17157

003 - CONTROL NUMBER IDENTIFIER

  • control field: GE_BSU

005 - DATE AND TIME OF LATEST TRANSACTION

  • control field: 20230309172155.0

008 - FIXED-LENGTH DATA ELEMENTS

  • fixed length control field: 230309|| aca||aabn | a|a d

040 ## - CATALOGING SOURCE

  • Original cataloging agency: GE_BSU
  • Transcribing agency: GE_BSU

100 ## - HEADING--PERSONAL NAME

  • Personal name: ბარძიმიშვილი-რაზმაძე, ნინო
  • Relator term: მთარგმნელი

670 ## - SOURCE DATA FOUND

  • Source citation: Work cat.: (GE_BSU)55241: რედევეი, პიტერ 17156, საბჭოთა პოლიტიკა განსხვავებული აზრის მიმართ და მისი მოდელები 1953-1986 წწ. = Patterns in soviet policies towards dissent 1953-1986 /